00721nam a2200193Ia 4500001003000000003000900030008004100039040002300080041001300103100001900116240004600135245009400181250001500275260003600290300001900326490002300345501012400368700003500492282.082 092-GAL ji pa (13327)IT-MiSPE171229s9999||||xx |||||||||||||| ||und|| aIT-MiSPEcIT-MiSPE aITALIANO aJim Gallagher  aPadre Pio the pierced priest: A biography 0aPadre PiobApparizioni, guarigioni e miracoli nelle testimonianze di chi lo ha conosciuto a1a ed. (v) aCinisello B.mobSan Paoloc1999 a292 p. c22 cm aI protagonistiv38 aEdizioni San Paolo srl - Piazza Soncino, 5 - 20092 CINISELLO BALSAMO (MI) (non commercial uses only) ® Copyright 2018 aPatrizia Villanig(traduzione)